Responses for Show #5492 - Tuesday, June 24, 2008

Contestants

[<< previous game]

Dorothy Farrell, a researcher originally from Brooklyn, New York

Tom Koch, a real estate developer from Seattle, Washington

Sven Sinclair, an economist and actuary from Burke, Virginia (whose 1-day cash winnings total $28,599)

[next game >>]

Jeopardy! Round responses

19th CENTURY AMERICANS
COVER YOUR TRACKS
ANAGRAMMED ANIMALS
LAST
TANGO
IN PARIS
    $200 10
Morse

Sven
    $200 16
Bob Dylan

Sven
    $200 21
giraffe

Dorothy
    $200 11
Antarctica

Sven
    $200 26
Marlon Brando

Dorothy
    $200 1
the Louvre

Dorothy
    $400 8
Wild Bill Hickok

Tom
    $400 17
The Black Eyed Peas

Dorothy
    $400 22
spider

Dorothy
    $400 12
M*A*S*H

Tom
    $400 27
Dancing with The Stars

Sven
    $400 2
Sorbonne

Sven
    $600 7
(George) Pullman

Dorothy
    $600 18
Tears For Fears

Dorothy
    $600 23
goldfish

Triple Stumper
    $600 13
the Macy's Thankgiving parade

Dorothy
    $600 28
Argentina

Tom
    $600 3
Champs-Elysées

Dorothy
    $800 6
Frederick Douglass

Sven
    $800 19
The Sex Pistols

Dorothy
    $800 24
a hamster

Tom
    $800 14
(Tom: Who is Borish Yeltsin?)

Gorbachev

SvenTom
    $800 29
(Tom: Three-quarter time. What is three-quarter time?)
(Sven: What is 2/2 time?)

4/4

SvenTom
Triple Stumper
    $800 4
Montmartre

Tom
    $1,200 9
(Ralph Waldo) Emerson

Tom
    $1000 20
Depeche Mode

Dorothy
    $1000 25
octopus

Dorothy
    $1000 15
the Titanic

Dorothy
    $1000 30
(Alex: They were the famous [*]s.)

Castle

Triple Stumper
    $1000 5
Cinémathèque Française

Triple Stumper

Scores at the first commercial break (after clue 15):

Sven Tom Dorothy
$2,400 $2,000 $3,000

Scores at the end of the Jeopardy! Round:

Sven Tom Dorothy
$2,200 $2,600 $7,600

Double Jeopardy! Round responses

"P" IN SCIENCE
TV LAND'S 100 GREATEST QUOTES
(Alex: You have to name the character who spoke each line.)
THEATRICAL ANGELS
ON YOUR INDONESIA
DOUBLE SAINT NAMES
WORD & PHRASE ORIGINS
    $400 7
primates

Dorothy
    $400 21
(Tom: Who is Redd Foxx?)
...
(Alex: Yes, we're going for the character who spoke it, not the actor.)

(Fred) Sanford

TomDorothy
    $400 26
the Phantom of the Opera

Sven
    $400 1
rice

Sven
    $400 16
John Paul Jones

Tom
    $400 11
(Tom: What is a tutu?)

a leotard

SvenTom
    $800 8
penicillin

Sven
    $800 22
Marcia Brady

Dorothy
    $800 27
Noel Coward

Tom
    $800 2
Java

Tom
    $800 17
Peter Paul Rubens

Sven
    $800 12
khaki

Dorothy
    $1200 9
pupa

Sven
    $1200 23
(Tom: [After a long pause and the sounding of the time expiry signal] Who is Hurleyberley Villechaize?)
...
(Alex: Hervé Villechaize is the name, I'm sure, that was coming to Tom's mind, but remember we're going for the character.)

Tattoo

TomDorothy
    $1200 28
Married

Triple Stumper
    $1200 3
volcano

Dorothy
    $1200 18
John Jacob Astor

Triple Stumper
    $1200 13
Skål

Tom
    $1600 6
a positron

Dorothy
    $1600 24
Ren

Triple Stumper
    $1600 29
(Mitch) Albom

Sven
    $1600 4
Borneo

Tom
    $1600 19
(Tom: Who is John Lennon?)

Mark David Chapman

TomDorothy
    $5,800 14
[Tom pumps his fist.]

Tobacco Road

Tom
    $4,600 10
a polymer

Sven
    $2000 25
(Dorothy: Who is Stan and...)
[The time expiry signal sounds.]
(Dorothy: Cartman?)

Stan & Kyle

Dorothy
Triple Stumper
    $2000 30
Angel Face

Triple Stumper
    $2000 5
the cassowary

Triple Stumper
    $2000 20
(Tom: Who is Gauguin?)
(Sven: Who is Jean-Paul Gauguin?)

Robert Louis Stevenson

SvenTom
Triple Stumper
    $2000 15
introspection

Sven

Scores at the end of the Double Jeopardy! Round:

Sven Tom Dorothy
$12,400 $7,600 $13,600

[wagering suggestions for these scores]

Final Jeopardy! Round responses

WORLD ORGANIZATIONS
(Alex: And this organization has been campaigning for human rights since way back in 1961.)
TomWhat is ?
$4,801
SvenWhat is International Students Union
$2,801
DorothyWhat is Amnesty International
$11,201
Amnesty International

Final scores:

Sven Tom Dorothy
$9,599 $2,799 $24,801
2nd place: $2,000 3rd place: $1,000 New champion: $24,801

Game dynamics:

Coryat scores:

Sven Tom Dorothy
$9,800 $3,200 $13,600
16 R
(including 1 DD),
2 W
12 R
(including 2 DDs),
7 W
21 R,
1 W

Combined Coryat: $26,600

[game clues] [game scores] [suggest correction]

Game tape date: 2008-03-19
The J! Archive is created by fans, for fans. Scraping, republication, monetization, and malicious use prohibited; this site may use cookies and collect identifying information. See terms. The Jeopardy! game show and all elements thereof, including but not limited to copyright and trademark thereto, are the property of Jeopardy Productions, Inc. and are protected under law. This website is not affiliated with, sponsored by, or operated by Jeopardy Productions, Inc. Join the discussion at JBoard.tv.